header

Intelligence analysis for tomorrow (Record no. 127169)

MARC details
000 -LEADER
fixed length control field 01336nam a2200277Ia 4500
245 00 - TITLE STATEMENT
Title Intelligence analysis for tomorrow
260 ## - PUBLICATION, DISTRIBUTION, ETC. (IMPRINT)
Place of publication Washington, D.C. :
Name of publisher National Academies Press,
Year of publication c2011.
300 ## - PHYSICAL DESCRIPTION
Number of Pages xiv, 102 p.
650 #0 - SUBJECT ADDED ENTRY--TOPICAL TERM
Topical Term Intelligence service
Topical Term Social sciences
700 1# - ADDED ENTRY--PERSONAL NAME
Personal name Fischhoff, Baruch,
Personal name Chauvin, Cherie.
856 40 - ELECTRONIC LOCATION AND ACCESS
Uniform Resource Identifier http://site.ebrary.com/lib/rucke/Doc?id=10459095

No items available.

© 2026 Rongo University
Contact us: librarian | system librarian | Rongo university